[Event "World Blitz 2015"]
[Site "Berlin GER"]
[Date "2015.10.14"]
[Round "19.94"]
[White "Thornton, Giovanni Antonio"]
[Black "Cordeiro, Marco Aurelio Zaror"]
[Result "1-0"]
[WhiteElo "2207"]
[BlackElo "2228"]
[WhiteFideId "4300963"]
[BlackFideId "2117991"]
[EventDate "2015.10.13"]

1. e4 Nf6 2. Nc3 d5 3. exd5 Nxd5 4. d4 Bf5 5. Qf3 e6 6. Nxd5 Qxd5 7. c3 c5 8.
Qxd5 exd5 9. dxc5 Bxc5 10. Bb5+ Nc6 11. Nf3 O-O 12. O-O a6 13. Ba4 b5 14. Bb3
Rad8 15. Bg5 Rd7 16. Rad1 h6 17. Bf4 Re8 18. Rfe1 Rxe1+ 19. Rxe1 g5 20. Be3 d4
21. cxd4 Nxd4 22. Bxf7+ Kxf7 23. Ne5+ Kf6 24. Nxd7+ Bxd7 25. b4 Nc2 26. Rd1 Nxe3
27. Rxd7 Ng4 28. bxc5 Ne5 29. Rd6+ 1-0

[Event "World Blitz 2015"]
[Site "Berlin GER"]
[Date "2015.10.14"]
[Round "20.5"]
[White "Mamedov, Rauf"]
[Black "Gelfand, Boris"]
[Result "0-1"]
[WhiteTitle "GM"]
[BlackTitle "GM"]
[WhiteElo "2657"]
[BlackElo "2741"]
[WhiteFideId "13401653"]
[BlackFideId "2805677"]
[EventDate "2015.10.13"]

1. g3 d5 2. Bg2 g6 3. d3 Bg7 4. Nd2 e5 5. e4 Ne7 6. exd5 Nxd5 7. Ngf3 O-O 8. O-O
Nc6 9. a3 Re8 10. Re1 h6 11. Rb1 a5 12. Ne4 f5 13. Ned2 Be6 14. c4 Nb6 15. b4
axb4 16. axb4 Qxd3 17. b5 Nd4 18. Nxe5 Bxe5 19. Re3 Bxc4 20. Rxd3 Bxd3 21. Bf1
Bc2 22. Qe1 Bg7 23. Be2 Nxe2+ 24. Kg2 Nf4+ 0-1

[Event "World Blitz 2015"]
[Site "Berlin GER"]
[Date "2015.10.14"]
[Round "20.6"]
[White "Kasimdzhanov, Rustam"]
[Black "Gajewski, Grzegorz"]
[Result "1-0"]
[WhiteTitle "GM"]
[BlackTitle "GM"]
[WhiteElo "2704"]
[BlackElo "2654"]
[WhiteFideId "14200244"]
[BlackFideId "1116207"]
[EventDate "2015.10.13"]

1. e4 c5 2. Nf3 e6 3. d4 cxd4 4. Nxd4 a6 5. Bd3 Bc5 6. Nb3 Be7 7. O-O d6 8. c4
Nf6 9. Nc3 Nbd7 10. a4 b6 11. a5 O-O 12. axb6 Nxb6 13. Be3 Qc7 14. Na5 Rb8 15.
b4 Nfd7 16. Rc1 Ne5 17. Be2 Nbd7 18. Qa4 Nb6 19. Qa2 Nbd7 20. f4 Nc6 21. Nxc6
Qxc6 22. b5 Qa8 23. Bf3 Bb7 24. Rfd1 axb5 25. Qxa8 Bxa8 26. Nxb5 Nc5 27. Bxc5
dxc5 28. Rd7 Bf6 29. e5 Bxf3 30. gxf3 Bh4 31. Ra1 Ra8 32. Rxa8 Rxa8 33. Nd6 f6
34. f5 fxe5 35. fxe6 Rd8 36. Nb7 Re8 37. Nxc5 Be7 38. Ne4 Bf8 39. c5 Rxe6 40.
Rd8 Rc6 41. Re8 Kf7 42. Rxe5 h6 43. h4 Re6 44. Rd5 Be7 45. h5 g6 46. Kg2 gxh5
47. Rxh5 Rg6+ 48. Kf2 Bg5 49. Nxg5+ hxg5 50. Rh7+ Ke8 51. Rc7 Kd8 52. Rf7 Ke8
53. Rf5 Kd7 54. Kg3 Rg8 55. Kg4 Kc6 56. Rxg5 Rd8 57. Re5 Rg8+ 58. Kf4 Rf8+ 59.
Ke3 Rh8 60. f4 Rh1 61. Ke4 Re1+ 62. Kf5 Rf1 63. Kg5 Rg1+ 64. Kf6 1-0

[Event "World Blitz 2015"]
[Site "Berlin GER"]
[Date "2015.10.14"]
[Round "20.9"]
[White "Vitiugov, Nikita"]
[Black "Navara, David"]
[Result "0-1"]
[WhiteTitle "GM"]
[BlackTitle "GM"]
[WhiteElo "2725"]
[BlackElo "2734"]
[WhiteFideId "4152956"]
[BlackFideId "309095"]
[EventDate "2015.10.13"]

1. d4 d5 2. c4 c6 3. Nf3 Nf6 4. Nc3 e6 5. Bg5 Nbd7 6. cxd5 exd5 7. e3 Be7 8. Bd3
Ne4 9. Bf4 Ndf6 10. Qc2 O-O 11. Ne5 Nxc3 12. bxc3 c5 13. dxc5 Bxc5 14. O-O h6
15. Nf3 Qe7 16. c4 Be6 17. cxd5 Bxd5 18. Bc4 Rac8 19. Bxd5 Nxd5 20. Qf5 Nxf4 21.
Qxf4 Rfd8 22. Rfd1 Qe6 23. Qa4 a6 24. h3 b5 25. Rxd8+ Rxd8 26. Qc2 Ba3 27. Nd4
Qc4 28. Qb3 Bc5 29. Qxc4 bxc4 30. Rc1 Bxd4 31. Rd1 Bf6 0-1

[Event "World Blitz 2015"]
[Site "Berlin GER"]
[Date "2015.10.14"]
[Round "20.12"]
[White "Karjakin, Sergey"]
[Black "Korobov, Anton"]
[Result "1-0"]
[WhiteTitle "GM"]
[BlackTitle "GM"]
[WhiteElo "2762"]
[BlackElo "2700"]
[WhiteFideId "14109603"]
[BlackFideId "14105730"]
[EventDate "2015.10.13"]

1. e4 c5 2. Nf3 d6 3. Bb5+ Bd7 4. c4 g6 5. Nc3 Bg7 6. d4 Nc6 7. d5 Nd4 8. Bxd7+
Qxd7 9. O-O e5 10. dxe6 fxe6 11. Be3 e5 12. b4 Ne7 13. bxc5 dxc5 14. Ne1 O-O 15.
Nd3 b6 16. Bg5 Nec6 17. Nd5 h6 18. Bd2 Rab8 19. Rb1 Qd8 20. f3 Kh7 21. Kh1 g5
22. Nf2 Rf7 23. Ng4 Rfb7 24. Nge3 Qd7 25. Qe1 b5 26. cxb5 Rxb5 27. Rxb5 Rxb5 28.
Bc3 Rb8 29. h3 Qb7 30. h4 Qf7 31. hxg5 Qh5+ 32. Kg1 hxg5 33. Ng4 Kg6 34. Bxd4
Nxd4 35. Qa5 Qh4 36. Qa6+ Rb6 37. Nxb6 axb6 38. Qxb6+ Kh7 39. Qb2 c4 40. Qf2 c3
41. Rc1 c2 42. Qxh4+ gxh4 43. Kf2 Bf8 44. Ne3 Bh6 45. a4 Bf4 46. a5 Bg3+ 47. Kf1
Bf4 48. Nxc2 Bxc1 49. Nxd4 1-0

[Event "World Blitz 2015"]
[Site "Berlin GER"]
[Date "2015.10.14"]
[Round "20.14"]
[White "Iturrizaga Bonelli, Eduardo"]
[Black "Ponomariov, Ruslan"]
[Result "0-1"]
[WhiteTitle "GM"]
[BlackTitle "GM"]
[WhiteElo "2641"]
[BlackElo "2710"]
[WhiteFideId "3901211"]
[BlackFideId "14103320"]
[EventDate "2015.10.13"]

1. Nf3 Nf6 2. c4 e6 3. Nc3 d5 4. d4 c6 5. Bg5 h6 6. Bxf6 Qxf6 7. Qb3 dxc4 8.
Qxc4 Nd7 9. e3 Qe7 10. Be2 Qb4 11. Qxb4 Bxb4 12. a3 Be7 13. b4 b6 14. O-O Bb7
15. Rfb1 O-O 16. a4 Rab8 17. a5 Rfc8 18. axb6 axb6 19. Ra7 Kf8 20. h3 Ke8 21.
Nd2 Nf6 22. Nc4 b5 23. Ne5 Bd8 24. Nd3 Bb6 25. Raa1 Ra8 26. Nc5 Rxa1 27. Rxa1
Ra8 28. Rxa8+ Bxa8 29. f4 Ke7 30. Bf3 Nd5 31. Bxd5 exd5 32. g4 Kd6 33. Kf2 Kc7
34. Ne2 Bb7 35. Ng3 Bc8 36. Nh5 g6 37. Nf6 Kd6 38. Kf3 Bd8 39. Ng8 h5 40. Nh6
Ke7 41. Kg3 Kf8 42. g5 Kg7 43. h4 f6 44. Kf3 fxg5 45. fxg5 Bc7 46. Nd3 Bd6 47.
Nc5 Kf8 48. Kf2 Bh3 49. Kf3 Bf1 50. Kf2 Bc4 51. Kf3 Kg7 52. Ne6+ Kh7 53. Nc5 Ba2
54. Nf7 Bc7 55. Ne6 Bb8 56. Nfd8 Bd6 57. Nxc6 Kg8 58. Nc5 Kf7 59. Na5 Ke7 60.
Nab7 Bc7 61. Na5 Bd6 62. Nd3 Bb1 63. Ne5 Be4+ 64. Ke2 Ke6 65. Nac6 Kf5 66. Kf2
Bf8 67. Nd7 Bd6 68. Nde5 Ke6 69. Kg3 Kf5 70. Na7 Bxb4 71. Nxb5 Be1+ 72. Kh3 Bc2
73. Nd6+ Ke6 74. Ne8 Bf2 75. Nc7+ Kd6 76. Nb5+ Ke7 77. Nc3 Ke6 78. e4 Bxd4 79.
Nxg6 Bxc3 80. exd5+ Kf7 81. Nf4 Bd1 82. Kg2 Be5 83. Nd3 Bd6 84. Kf2 Kg6 85. Ke3
Kf5 86. Nb2 Bb3 87. Kd4 Be5+ 0-1

[Event "World Blitz 2015"]
[Site "Berlin GER"]
[Date "2015.10.14"]
[Round "20.15"]
[White "Onischuk, Vladimir"]
[Black "Kovalenko, Igor"]
[Result "1-0"]
[WhiteTitle "GM"]
[BlackTitle "GM"]
[WhiteElo "2612"]
[BlackElo "2700"]
[WhiteFideId "14114038"]
[BlackFideId "14117908"]
[EventDate "2015.10.13"]

1. e4 e6 2. d4 d5 3. Nc3 Bb4 4. exd5 exd5 5. Bd3 Ne7 6. Qh5 Nbc6 7. a3 Bxc3+ 8.
bxc3 Be6 9. Ne2 Qd7 10. Ng3 O-O-O 11. h3 g6 12. Qf3 Nf5 13. Nxf5 Bxf5 14. Bxf5
gxf5 15. O-O Rde8 16. Bf4 Re4 17. g3 h5 18. h4 f6 19. Rfe1 Ne7 20. Bd2 Ng6 21.
Rxe4 dxe4 22. Qe2 Rg8 23. Kh2 Qh7 24. Re1 a6 25. f3 Re8 26. c4 Qd7 27. fxe4 Qxd4
28. Be3 Qxe4 29. Qxh5 Ne5 30. Qxe8# 1-0

[Event "World Blitz 2015"]
[Site "Berlin GER"]
[Date "2015.10.14"]
[Round "20.16"]
[White "Nguyen, Ngoc Truong Son"]
[Black "Dreev, Aleksey"]
[Result "0-1"]
[WhiteTitle "GM"]
[BlackTitle "GM"]
[WhiteElo "2634"]
[BlackElo "2644"]
[WhiteFideId "12401110"]
[BlackFideId "4100107"]
[EventDate "2015.10.13"]

1. e4 c6 2. d4 d5 3. e5 Bf5 4. Nd2 e6 5. Nb3 Nd7 6. Nf3 Ne7 7. Be2 Ng6 8. O-O h5
9. Bd3 Bxd3 10. Qxd3 Be7 11. c3 h4 12. Be3 Qc7 13. Ne1 O-O-O 14. f4 c5 15. dxc5
Nxc5 16. Nxc5 Bxc5 17. Nc2 Ne7 18. Bxc5 Qxc5+ 19. Qd4 b6 20. b4 Qxd4+ 21. Nxd4
Kd7 22. a4 a6 23. a5 b5 24. Nb3 Rc8 25. Nc5+ Rxc5 26. bxc5 Rc8 27. Rf3 Rxc5 28.
Kf2 Rc4 29. g3 hxg3+ 30. hxg3 Nc6 31. Rh1 g6 32. g4 Ra4 33. Rh7 Ke7 34. f5 gxf5
35. gxf5 Nxe5 36. fxe6 Nxf3 37. Kxf3 Kxe6 0-1

[Event "World Blitz 2015"]
[Site "Berlin GER"]
[Date "2015.10.14"]
[Round "20.18"]
[White "Ponkratov, Pavel"]
[Black "Melkumyan, Hrant"]
[Result "1-0"]
[WhiteTitle "GM"]
[BlackTitle "GM"]
[WhiteElo "2604"]
[BlackElo "2622"]
[WhiteFideId "4157800"]
[BlackFideId "13302485"]
[EventDate "2015.10.13"]

1. e4 e5 2. Bc4 Nf6 3. d3 Nc6 4. Nc3 Na5 5. Qf3 Be7 6. Nge2 O-O 7. O-O c6 8. h3
d6 9. Ng3 Nxc4 10. dxc4 Be6 11. b3 g6 12. Rd1 Ne8 13. Bh6 Ng7 14. c5 Qc7 15.
cxd6 Bxd6 16. Rd3 f6 17. Rad1 Be7 18. Nd5 cxd5 19. exd5 Bf5 20. Bxg7 Bxd3 21.
Bxf8 e4 22. Qe3 Rxf8 23. cxd3 f5 24. Nf1 Bc5 25. Qe2 Qf4 26. dxe4 fxe4 27. Ne3
Bd6 28. g3 Qg5 29. h4 Qf6 30. Ng4 Qe7 31. Rd4 e3 32. Qxe3 Qxe3 33. Nxe3 Bc5 34.
Rd3 Rd8 35. Kg2 Kf7 36. a4 h5 37. Nc4 Kf6 38. f4 a6 39. Kf3 b5 40. axb5 axb5 41.
Ne5 Bd6 42. Nc6 Ra8 43. Re3 Bf8 44. Re6+ Kg7 45. Ne5 Ra3 46. Rxg6+ Kh7 47. Rb6
Rxb3+ 48. Ke4 b4 49. d6 Rb1 50. d7 Re1+ 51. Kf5 Rd1 52. Ke6 Kg7 53. Rb7 Rd6+ 54.
Kf5 Kg8 55. Rxb4 Rxd7 56. Nxd7 Bxb4 57. Nf6+ Kf7 58. Nxh5 Be1 59. Kg4 Kg6 60.
f5+ Kf7 61. Nf4 Bc3 62. Nd5 Be5 63. Kf3 Bd4 64. g4 Bb2 65. g5 Ba1 66. Kg4 Bb2
67. h5 Kg7 68. f6+ Kf7 69. Kf5 Kg8 70. g6 Ba3 71. Ne7+ 1-0

[Event "World Blitz 2015"]
[Site "Berlin GER"]
[Date "2015.10.14"]
[Round "20.19"]
[White "Fedoseev, Vladimir3"]
[Black "Wojtaszek, Radoslaw"]
[Result "1-0"]
[WhiteTitle "GM"]
[BlackTitle "GM"]
[WhiteElo "2659"]
[BlackElo "2734"]
[WhiteFideId "24130737"]
[BlackFideId "1118358"]
[EventDate "2015.10.13"]

1. d4 Nf6 2. c4 e6 3. Nc3 Bb4 4. e3 O-O 5. Bd3 d5 6. Nf3 c5 7. O-O cxd4 8. exd4
dxc4 9. Bxc4 b6 10. Qe2 Nc6 11. Rd1 Na5 12. Bd3 Bb7 13. Bg5 Be7 14. Rac1 Rc8 15.
Ne5 Nc6 16. Ba6 Bxa6 17. Qxa6 h6 18. Be3 Nb4 19. Qxa7 Bd6 20. a3 Nbd5 21. Nxd5
Nxd5 22. Rxc8 Qxc8 23. Rc1 Qd8 24. Bd2 Qh4 25. Nf3 Qe4 26. Qa4 Bf4 27. Qc2 Qe2
28. Re1 Qb5 29. Bxf4 Nxf4 30. g3 Nd5 31. Ne5 Ne7 32. Rd1 Nf5 33. d5 Rd8 34. a4
Qc5 35. Qxc5 bxc5 36. Nc6 Rd6 37. Rc1 exd5 38. Rxc5 d4 39. Ne5 Ne7 40. Nd3 Rb6
41. b4 Nc6 42. a5 Ra6 43. b5 Rxa5 44. bxc6 1-0

[Event "World Blitz 2015"]
[Site "Berlin GER"]
[Date "2015.10.14"]
[Round "20.21"]
[White "Savchenko, Boris"]
[Black "Sasikiran, Krishnan"]
[Result "1/2-1/2"]
[WhiteTitle "GM"]
[BlackTitle "GM"]
[WhiteElo "2567"]
[BlackElo "2639"]
[WhiteFideId "4147332"]
[BlackFideId "5004985"]
[EventDate "2015.10.13"]

1. Nf3 Nf6 2. c4 g6 3. Nc3 Bg7 4. e4 d6 5. d4 O-O 6. Be2 e5 7. d5 a5 8. Bg5 h6
9. Bh4 Na6 10. Nd2 Bd7 11. O-O Nc5 12. b3 Nfxe4 13. Bxd8 Nxc3 14. Bxc7 Nxd1 15.
Raxd1 Ra6 16. a3 Rc8 17. Bxa5 Rxa5 18. b4 Rxa3 19. bxc5 dxc5 20. Ne4 f5 21. Nd6
Rb8 22. Rb1 b6 23. Ra1 Ra5 24. g4 e4 25. Rab1 Be5 26. Nb5 Bxb5 27. cxb5 Kg7 28.
f3 Ra2 29. Bc4 Ra4 30. Bb3 Rb4 31. gxf5 e3 32. fxg6 Bc3 33. Rfc1 Bd2 34. Rc2 Re8
35. d6 Rd8 36. Kf1 Rxd6 37. Ba2 Rxg6 38. Rxb4 Bxb4 39. Rc4 Rd6 40. Rg4+ Kf6 41.
Rf4+ Kg7 42. Rg4+ Kf6 43. Rf4+ Kg7 44. Rg4+ Kf6 45. Rf4+ Kg7 46. Rg4+ Kh8 47.
Bc4 1/2-1/2

[Event "World Blitz 2015"]
[Site "Berlin GER"]
[Date "2015.10.14"]
[Round "20.22"]
[White "Movsesian, Sergei"]
[Black "Fressinet, Laurent"]
[Result "0-1"]
[WhiteTitle "GM"]
[BlackTitle "GM"]
[WhiteElo "2658"]
[BlackElo "2702"]
[WhiteFideId "310204"]
[BlackFideId "608742"]
[EventDate "2015.10.13"]

1. e4 e5 2. Nf3 Nc6 3. c3 Nf6 4. d3 g6 5. Nbd2 Bg7 6. b4 d6 7. Be2 O-O 8. O-O
Nh5 9. Re1 Nf4 10. Bf1 f5 11. g3 fxe4 12. dxe4 Nh3+ 13. Kg2 Qf6 14. Re3 g5 15.
Bc4+ Kh8 16. Qe2 Ne7 17. Nf1 Ng6 18. Qc2 g4 19. Ne1 Qxf2+ 20. Qxf2 Rxf2+ 21. Kh1
Bd7 22. Ng2 Raf8 23. Bd2 Bh6 24. a4 Bc6 25. Bd3 Bxe3 26. Ngxe3 Rxd2 27. Nxd2
Nf2+ 28. Kg1 Nxd3 29. b5 Bd7 30. Nd5 c6 31. bxc6 bxc6 32. Ne3 Nc5 33. a5 Rb8 34.
Rf1 Kg7 35. Rd1 Be6 36. Rf1 d5 37. Nf5+ Bxf5 38. exf5 Nf8 0-1

[Event "World Blitz 2015"]
[Site "Berlin GER"]
[Date "2015.10.14"]
[Round "20.26"]
[White "Leko, Peter"]
[Black "Safarli, Eltaj"]
[Result "1/2-1/2"]
[WhiteTitle "GM"]
[BlackTitle "GM"]
[WhiteElo "2707"]
[BlackElo "2657"]
[WhiteFideId "703303"]
[BlackFideId "13402129"]
[EventDate "2015.10.13"]

1. e4 d5 2. exd5 Qxd5 3. Nc3 Qd8 4. d4 g6 5. Nf3 Bg7 6. Be2 Nh6 7. Ne4 Nf5 8. c3
O-O 9. O-O b6 10. Bf4 Bb7 11. Bd3 Nd7 12. Re1 c5 13. dxc5 bxc5 14. Ned2 Nf6 15.
Qc2 e6 16. Be5 Nd5 17. Bxg7 Kxg7 18. Bf1 Qc7 19. Rad1 Rad8 20. g3 h5 21. Bg2 h4
22. Nc4 Nb6 23. Nce5 hxg3 24. hxg3 Rxd1 25. Rxd1 Rd8 26. Rxd8 Qxd8 27. Qd2 Qc7
28. Qe2 Bxf3 29. Bxf3 Qd6 30. Nd3 Na4 31. Qc2 Nb6 32. Qe2 Na4 33. Qc2 Nb6 34.
Kg2 c4 35. Nb4 a5 36. Nc6 a4 37. Qe2 Nd5 38. Qe5+ Qxe5 39. Nxe5 a3 40. Bxd5 exd5
41. bxa3 Kf6 42. Nc6 Ke6 43. Kf3 Kd6 44. Nb4 Kc5 45. g4 Nd6 46. Na6+ Kb6 47. Nb4
Kc5 48. Na6+ Kb6 49. Nb4 1/2-1/2

[Event "World Blitz 2015"]
[Site "Berlin GER"]
[Date "2015.10.14"]
[Round "20.27"]
[White "Petrosian, Tigran L."]
[Black "Matlakov, Maxim"]
[Result "1-0"]
[WhiteTitle "GM"]
[BlackTitle "GM"]
[WhiteElo "2625"]
[BlackElo "2689"]
[WhiteFideId "13301616"]
[BlackFideId "4168003"]
[EventDate "2015.10.13"]

1. Nf3 c5 2. g3 g6 3. c3 b6 4. Bg2 Bb7 5. O-O Bg7 6. d3 d5 7. Nbd2 Nf6 8. Qc2
Nc6 9. e4 O-O 10. Re1 e6 11. a3 Rc8 12. h3 c4 13. d4 dxe4 14. Nxe4 Nxe4 15. Rxe4
Na5 16. Re2 Nb3 17. Rb1 Nxc1 18. Rxc1 b5 19. h4 a5 20. h5 Bd5 21. Rce1 Rb8 22.
Ne5 Bxg2 23. Kxg2 Qc7 24. Qe4 Rb6 25. Qh4 b4 26. axb4 axb4 27. Rh1 g5 28. Qe4 h6
29. Ra1 bxc3 30. bxc3 Rb3 31. Qf3 Rfb8 32. Ra4 Bxe5 33. Rxe5 Rxc3 34. Qxc3 Qc6+
35. d5 Qxa4 36. dxe6 Qc6+ 37. Kh2 fxe6 38. Re1 Rf8 39. Kg1 Qc5 40. Re3 Qd5 41.
Qc2 Rf6 42. Ra3 Qf5 43. Qb2 Kh7 44. Rc3 Qe4 45. Re3 Qf5 46. Rc3 Qd5 47. Qe2 Rf7
48. Rxc4 Kg7 49. Re4 Rf6 50. Re5 Qb3 51. Rc5 Qb1+ 52. Kh2 Qb7 53. Qc2 Qf3 54.
Rc7+ Rf7 55. Qg6+ Kf8 56. Qxh6+ Ke8 57. Qxe6+ 1-0

[Event "World Blitz 2015"]
[Site "Berlin GER"]
[Date "2015.10.14"]
[Round "20.28"]
[White "Bluebaum, Matthias"]
[Black "Ghaem Maghami, Ehsan"]
[Result "1/2-1/2"]
[WhiteTitle "GM"]
[BlackTitle "GM"]
[WhiteElo "2588"]
[BlackElo "2596"]
[WhiteFideId "24651516"]
[BlackFideId "12500739"]
[EventDate "2015.10.13"]

1. d4 Nf6 2. c4 e6 3. g3 d5 4. Bg2 Bb4+ 5. Nd2 dxc4 6. Qa4+ Nc6 7. Bxc6+ bxc6 8.
Qxb4 Qxd4 9. Qxc4 Qb6 10. Ngf3 O-O 11. O-O Ba6 12. Qb3 Bxe2 13. Re1 Ba6 14. Qxb6
axb6 15. b3 Nd5 16. Bb2 Nb4 17. Ba3 c5 18. Bxb4 cxb4 19. a3 bxa3 20. Rxa3 Bb7
21. Rea1 Rxa3 22. Rxa3 Ra8 23. Rxa8+ Bxa8 24. Nd4 Kf8 25. Nb5 c6 26. Nc3 Ke7 27.
Na4 b5 28. Nc5 Kd6 29. b4 Kd5 30. Ncb3 Kd6 31. Kf1 Bb7 32. Ke2 h6 33. Nc5 Bc8
34. Ke3 e5 35. Ke4 g6 36. Ke3 Kd5 37. Kd3 g5 38. Nf1 f5 39. Ne3+ Kd6 40. Kc3 h5
41. h4 gxh4 42. gxh4 f4 43. Ne4+ Ke6 44. Nf1 Ke7 45. f3 Bf5 46. Nfd2 Ke6 47.
Nc5+ Kd5 48. Nde4 Bg6 49. Nf6+ Kd6 50. Kd2 Ke7 51. Nfe4 Bf5 52. Ke2 Bg6 53. Kd2
Bf5 54. Ke2 Bg6 55. Nb3 Ke6 56. Nbc5+ 1/2-1/2

[Event "World Blitz 2015"]
[Site "Berlin GER"]
[Date "2015.10.14"]
[Round "20.29"]
[White "Rublevsky, Sergei"]
[Black "Munoz Pantoja, Miguel"]
[Result "0-1"]
[WhiteTitle "GM"]
[BlackTitle "GM"]
[WhiteElo "2702"]
[BlackElo "2441"]
[WhiteFideId "4115309"]
[BlackFideId "3800229"]
[EventDate "2015.10.13"]

1. e4 d5 2. exd5 Qxd5 3. Nc3 Qa5 4. d4 Nf6 5. Nf3 Bg4 6. h3 Bh5 7. g4 Bg6 8. Ne5
e6 9. h4 Bb4 10. Bd2 Nbd7 11. Nc4 Qa6 12. h5 Bxc3 13. bxc3 Be4 14. f3 Bd5 15.
Ne3 Qd6 16. Rh3 h6 17. c4 Bc6 18. c3 b6 19. Qe2 O-O 20. Kf2 Rfe8 21. Kg1 Nh7 22.
Ng2 e5 23. d5 Bb7 24. Nh4 c6 25. Nf5 Qf6 26. Rd1 Rad8 27. Bc1 Nc5 28. d6 Ne6 29.
d7 Rf8 30. c5 Nhg5 31. Rg3 Nf4 32. Bxf4 exf4 33. Rg2 Qxc3 34. Rf2 Qxc5 35. Bg2
Ne6 36. Qd3 Qe5 37. Re2 Qf6 38. Qd6 Ba6 39. Red2 Bb5 40. Ne7+ Kh8 41. Nxc6 Bxc6
42. Qxc6 Qh4 43. Re2 Qf6 44. Qd6 Qc3 45. Rd3 Qa1+ 46. Kh2 Qf6 47. Re4 Qh4+ 48.
Kg1 0-1

[Event "World Blitz 2015"]
[Site "Berlin GER"]
[Date "2015.10.14"]
[Round "20.30"]
[White "Al-Sayed, Mohammed"]
[Black "Eljanov, Pavel"]
[Result "1/2-1/2"]
[WhiteTitle "GM"]
[BlackTitle "GM"]
[WhiteElo "2520"]
[BlackElo "2717"]
[WhiteFideId "12100196"]
[BlackFideId "14102951"]
[EventDate "2015.10.13"]

1. Nf3 d5 2. c4 d4 3. b4 g6 4. g3 Bg7 5. Bg2 Nf6 6. O-O O-O 7. d3 Re8 8. Nbd2 e5
9. Bb2 c6 10. c5 Nd5 11. a3 a5 12. Qb3 Na6 13. Nc4 axb4 14. axb4 Ndxb4 15. Ba3
Nd5 16. Nd6 Re7 17. Ng5 h6 18. Ngxf7 Rxf7 19. Bxd5 cxd5 20. Qxd5 Qe7 21. c6 Be6
22. Qe4 bxc6 23. Qxc6 Rff8 24. Ne4 Qe8 25. Qb6 Rf5 26. Bd6 Bc8 27. Rfc1 Kh7 28.
f3 Qe6 29. Ra5 Rf7 30. Rca1 Bb7 31. Rxa6 Bxa6 32. Rxa6 Rxa6 33. Qxa6 Bf8 34. Qa3
Bxd6 35. Nxd6 Qe7 36. Qc5 Rf6 37. Ne4 Qxc5 38. Nxc5 Rc6 39. Nd7 Kg7 40. Nxe5
Rc1+ 41. Kf2 Kf6 42. f4 Ra1 43. Kf3 g5 44. Ng4+ Kg6 45. f5+ Kxf5 46. Nxh6+ Kg6
47. Ng4 Kf5 48. Nh6+ Kg6 49. Ng4 Kf5 50. Nf2 Rf1 51. g4+ Ke5 52. Kg2 Re1 53. Kf3
Rf1 54. Kg2 Ra1 55. Kf3 Rf1 56. Kg2 1/2-1/2

[Event "World Blitz 2015"]
[Site "Berlin GER"]
[Date "2015.10.14"]
[Round "20.31"]
[White "Riazantsev, Alexander"]
[Black "Roiz, Michael"]
[Result "1-0"]
[WhiteTitle "GM"]
[BlackTitle "GM"]
[WhiteElo "2646"]
[BlackElo "2600"]
[WhiteFideId "4125029"]
[BlackFideId "2804158"]
[EventDate "2015.10.13"]

1. d4 e6 2. c4 Bb4+ 3. Bd2 Bxd2+ 4. Qxd2 Nf6 5. Nc3 d5 6. e3 O-O 7. Nf3 Qe7 8.
Qc2 c6 9. Bd3 dxc4 10. Bxc4 Nbd7 11. O-O e5 12. Bb3 exd4 13. exd4 Nb6 14. Rfe1
Qd6 15. Re5 Bg4 16. Ng5 g6 17. Qd2 Nbd5 18. Nge4 Nxe4 19. Nxe4 Qd8 20. Bxd5 cxd5
21. Rxd5 Qb6 22. Rd6 Qc7 23. Qh6 1-0

[Event "World Blitz 2015"]
[Site "Berlin GER"]
[Date "2015.10.14"]
[Round "20.32"]
[White "Borisek, Jure"]
[Black "Anton Guijarro, David"]
[Result "1/2-1/2"]
[WhiteTitle "GM"]
[BlackTitle "GM"]
[WhiteElo "2565"]
[BlackElo "2634"]
[WhiteFideId "14603152"]
[BlackFideId "2285525"]
[EventDate "2015.10.13"]

1. e4 g6 2. d4 Bg7 3. Nc3 c6 4. h3 d6 5. Be3 Nf6 6. Qd2 O-O 7. O-O-O b5 8. Bd3
Nbd7 9. Bh6 b4 10. Nce2 c5 11. Bxg7 Kxg7 12. Nf3 Qa5 13. Kb1 Bb7 14. e5 Ne4 15.
Qe3 d5 16. dxc5 Ndxc5 17. Ned4 Na4 18. Nb3 Qc7 19. Qd4 a5 20. h4 h5 21. Ng5
Nac3+ 22. bxc3 Nxc3+ 23. Ka1 Nxd1 24. Rxd1 Rac8 25. Bxg6 a4 26. Bxf7 Qxc2 27.
e6+ Kh6 28. Nf3 axb3 29. Qe3+ Kg7 30. Qe5+ Kh6 31. Qg5+ Kh7 32. Qxh5+ Kg7 33.
Qe5+ Kh6 34. Qh5+ Kg7 35. Qg5+ Kh8 36. Qe5+ Kh7 37. Qh5+ Kg7 38. Qe5+ Kh7 39.
Qh5+ Kg7 1/2-1/2

[Event "World Blitz 2015"]
[Site "Berlin GER"]
[Date "2015.10.14"]
[Round "20.34"]
[White "Bachmann, Axel"]
[Black "Khismatullin, Denis"]
[Result "1-0"]
[WhiteTitle "GM"]
[BlackTitle "GM"]
[WhiteElo "2593"]
[BlackElo "2651"]
[WhiteFideId "3700488"]
[BlackFideId "4142578"]
[EventDate "2015.10.13"]

1. e4 c5 2. Nc3 d6 3. g3 g6 4. Bg2 Bg7 5. d3 Nc6 6. Be3 Rb8 7. a4 e5 8. f4 exf4
9. Bxf4 Nge7 10. Nge2 O-O 11. O-O Be6 12. Qd2 Ne5 13. Bh6 N7c6 14. Bxg7 Kxg7 15.
Nf4 Qd7 16. h3 Rbe8 17. Rf2 Nd4 18. Raf1 b6 19. Kh2 Qd8 20. Ncd5 Bxd5 21. Nxd5
f5 22. c3 Nb3 23. Qd1 fxe4 24. Qxb3 exd3 25. Nf6 c4 26. Nxe8+ Rxe8 27. Qb5 Qe7
28. Bd5 Rc8 29. Rf7+ Nxf7 30. Rxf7+ Qxf7 31. Bxf7 d2 32. Qd5 Rc5 33. Qxd2 Kxf7
34. Qxd6 Ra5 35. Qc7+ Kf6 36. Qxc4 1-0

[Event "World Blitz 2015"]
[Site "Berlin GER"]
[Date "2015.10.14"]
[Round "20.35"]
[White "Salem, A.R. Saleh"]
[Black "Swiercz, Dariusz"]
[Result "0-1"]
[WhiteTitle "GM"]
[BlackTitle "GM"]
[WhiteElo "2624"]
[BlackElo "2620"]
[WhiteFideId "9301348"]
[BlackFideId "1126881"]
[EventDate "2015.10.13"]

1. d4 d5 2. c4 e6 3. Nc3 Bb4 4. cxd5 exd5 5. Nf3 Nf6 6. Bg5 h6 7. Bxf6 Qxf6 8.
Qa4+ Nc6 9. e3 O-O 10. Be2 Be6 11. O-O a6 12. Rfc1 Bd6 13. Qd1 Ne7 14. Na4 b6
15. a3 Rfb8 16. b4 c6 17. Nb2 Bf5 18. Nd3 Bxd3 19. Bxd3 a5 20. Qb3 Qe6 21. h3 b5
22. Re1 axb4 23. axb4 Qc8 24. e4 Rxa1 25. Rxa1 dxe4 26. Bxe4 Qe6 27. Qxe6 fxe6
28. Ra7 Kf8 29. Rd7 Bxb4 30. Ne5 Ke8 31. Ra7 Bd6 32. Bg6+ Nxg6 33. Nxg6 b4 34.
Ra1 b3 35. Rb1 Kf7 36. Nh4 e5 37. Nf5 Ke6 38. Nxg7+ Kd5 39. dxe5 Bxe5 40. Nf5 c5
41. Ne3+ Ke4 42. Kf1 Bd4 43. Nc4 Kd3 44. Na3 b2 45. Ke1 Bc3+ 46. Kf1 c4 47. g4
Bd2 48. h4 c3 0-1